Introduction" from forces of labor: Worker''s movements and globalization since 1870 /

Salvato in:
Dettagli Bibliografici
Autore principale: Silver, Beverly J.
Natura: testo
Tags: Aggiungi Tag
Nessun Tag, puoi essere il primo ad aggiungerne!!

MARC

LEADER 00000 a a2200000 04500
001 40128
003
040
100 |a Silver, Beverly J.  
245 |a Introduction" from forces of labor:   |b Worker''s movements and globalization since 1870 /  |c Beverly J. Silver  
590
773 |g páginas 135-146  
999 |c 30724  |d 30724